A TEXT BOOK OF HOSPITAL AND CLINICAL PHARMACY" (Record no. 6192)

MARC details
000 -LEADER
fixed length control field 00490nam a22001817a 4500
005 - DATE AND TIME OF LATEST TRANSACTION
control field 20240110130724.0
008 - FIXED-LENGTH DATA ELEMENTS--GENERAL INFORMATION
fixed length control field 200517b xxu||||| |||| 00| 0 eng d
020 ## - INTERNATIONAL STANDARD BOOK NUMBER
ISBN 9789586478597
041 ## - LANGUAGE CODE
Language code of text/sound track or separate title eng
082 ## - DEWEY DECIMAL CLASSIFICATION NUMBER
Classification number 610
100 ## - MAIN ENTRY--AUTHOR NAME
Personal name SHARMA, VARUN DUTT PANDAY, S.K
245 ## - TITLE STATEMENT
Title A TEXT BOOK OF HOSPITAL AND CLINICAL PHARMACY"
250 ## - EDITION STATEMENT
Edition statement 1'st
260 ## - PUBLICATION, DISTRIBUTION, ETC. (IMPRINT)
Place of publication New Delhi
Name of publisher CBS publishers and distributors
Year of publication 2018
300 ## - PHYSICAL DESCRIPTION
Number of Pages 318, viii
650 ## - SUBJECT ADDED ENTRY--TOPICAL TERM
Topical Term Pharmacy
General subdivision B.PHARMA
942 ## - ADDED ENTRY ELEMENTS (KOHA)
Koha item type Books
Holdings
Lost status Damaged status Collection code Home library Current library Shelving location Date acquired Source of acquisition Cost, normal purchase price Full call number Accession Number Koha item type
    PHARMACY JRU Library JRU Library SHELF - 19 - H 17/05/2020 PURCHASE 350.00 610 23884 Books
    PHARMACY JRU Library JRU Library Shelf - 27- F 09/02/2022 PURCHASE 425.00 610 26051 Books
    PHARMACY JRU Library JRU Library Shelf - 27- F 09/02/2022 PURCHASE 425.00 610 26052 Books